| Registos Bibliográficos associados ao registo de autoridade |
|
Etiqueta de registo: 00000nkm 2200025 450 001 2267877 003 http://id.bnportugal.gov.pt/bib/catbnp/2267877 100 ## $a20260216d199- m y0pory01030103ba 101 0# $apor 102 ## $aPT 200 1# $aConservemos os abutres nos nossos céus$bVisual gráfico]$fFonds pour l'Instandhouding van de Roodvogels, QUERCUS - Associação Nacional de Conservação
da Natureza, Centro de Estudos de Migrações e Protecção de Aves 210 #9 $aFrança$cFonds pour l'Instandhouding van de Roodvogels,$d[199-?] 215 ## $a1 cartaz$ccolor.$d29,5x42 cm 306 ## $aDatação atribuída em conformidade com as características formais do documento 317 ## $aColeção Madeira Luís 675 ## $a766(=1:469)"199-"(084.5)$vBN$zpor$31981951 710 01 $aFonds pour l'Instandhouding van de Roodvogels,$fLa Garenne-Colombes-France$31985920 711 02 $aQUERCUS - Associação Nacional de Conservação da Natureza$3125859 711 01 $aPortugal.$bCentro de Estudos de Migrações e Protecção de Aves$3125626 801 #0 $aPT$bBN$gRPC 966 ## $lBN$mICONOG$sCT. 14168 V.$x3 971 ## $cCaticonografia6$d20260216 995 ## $aPRR2026 $d20260216$iCaticonografia6
|
|
|